000 00973nas a2200313 4500
001 BR0102499
003 BR-BrBNA
005 20231205102242.0
007 ta
008 230509b bl.|||p| |||| 00| 00por d
040 _aBR-BrBNA
_bpor
_cBiblioteca Nacional de Agricultura
041 _a(Pt)
072 _aL73; L70
100 1 _aMendes, L.C.N.
100 1 _aPeiro, J.R.
100 1 _aMarques, L.C.
100 1 _aBorges, A.S.
245 1 _aAvaliacao laboratorial do fluido peritoneal em modelo experimentais utilizados para inducao de reacao inflamatoria intra-abdominal em equinos
650 _aEquino
650 _aAparelho Digestivo
650 _aPeritonite
650 _aFisiopatologia
650 _aInducao
650 _aInflamacao
650 _aAnalise de Laboratorio
773 0 _tRevista de Educacao Continuada (Brazil)
_xISSN 1516-3326
_g(2000), v. 3(3) p. 21-27
_wBR0102499
909 _a202311
_bLúcia
_c55
_dLúcia Elande
942 _2AGRIS
_n0
_cANA
999 _c166575
_d166575